Legend Height @ Taman Sri Segambut Kuala Lumpur

Bibliographic Details
Main Authors: Siti Suraya Abdul Rahman (Author), Hui Yit Hoo (Author), Low Hon Keong (Author), Mohd Hafiz Mohd Salim (Author), Nur Maria Wisning Abdullah (Author), Tan Cher Min (Author), Wan Adzimah Fatin Sahardi (Author), Wong Chee Sam (Author), Yong Kok Wah (Author)
Format: Book
Language:English
Subjects:

MARC

LEADER 00000cam a2200000 7i4500
001 0000028268
005 20251127.0
008 190117 my a eng
040 |a INS   |b eng   |c INS   |e rda 
090 0 0 |a IP40 
100 1 |a Siti Suraya Abdul Rahman, ,   |e author. 
245 1 0 |a Legend Height @ Taman Sri Segambut Kuala Lumpur   |c Siti Suraya Abdul Rahman, Nur Maria Wisning Abdullah, Wan Adzimah Fatin Sahardi,Low Hon Keong, Hui Yit Hoo [and four others] 
264 0 |c 2018 
300 |a viii, 90 pages :   |b illustration,picture, colour ;   |c 30 cm. 
336 |a text  |2 rdacontent 
337 |a unmediated  |2 rdamedia 
338 |a volume  |2 rdacarrier 
500 |a Integrated Project 
500 |a Laporan disediakan bagi memenuhi keperluan untuk dianugerahkan Sijil Agensi Harta Tanah dari Institut Penilaian Negara 
650 0 |a Housing   |x Marketing 
700 1 |a Hui Yit Hoo, ,   |e author. 
700 1 |a Low Hon Keong, ,   |e author. 
700 1 |a Mohd Hafiz Mohd Salim, ,   |e author. 
700 1 |a Nur Maria Wisning Abdullah, ,   |e author. 
700 1 |a Tan Cher Min, ,   |e author. 
700 1 |a Wan Adzimah Fatin Sahardi, ,   |e author. 
700 1 |a Wong Chee Sam, ,   |e author. 
700 1 |a Yong Kok Wah, ,   |e author. 
999 |a IP00000046   |b BOOK   |c Course Notes   |e Default branch